Burgueses, burócratas y territorio : la política territorial en la España del siglo XIX / Francesc Nadal la política territorial en la España del siglo XIX / Francesc Nadal
ISBN:
84-7088-455-7
Descripción Física:
350 p. ; 21 cm
MARC
| LEADER | 00000nam a2200000Ia 4500 | ||
|---|---|---|---|
| 001 | 18784 | ||
| 008 | 160829s1987 xx 000 0 cat d | ||
| 020 | |a 84-7088-455-7 | ||
| 080 | |a M-5-397 | ||
| 100 | |a Nadal, Francesc, |d 1958- |9 45983 | ||
| 245 | |a Burgueses, burócratas y territorio : |b la política territorial en la España del siglo XIX / Francesc Nadal | ||
| 260 | |a Madrid : |b Instituto de Estudios de Administración Local, |c 1987 | ||
| 300 | |a 350 p. ; |c 21 cm | ||
| 590 | |a Bibliografia. | ||
| 590 | |a S'ha utilitzat el fons de l'Arxiu General de la Diputació de Barcelona | ||
| 650 | |a Regionalisme |x Espanya |x Història |x S. XIX |9 45984 | ||
| 650 | |a Geopolítica |x Espanya |9 45985 | ||
| 651 | 0 | |a Espanya |x Divisions administratives i polítiques |9 54247 | |
| 710 | 2 | |a Instituto de Estudios de Administración Local (Espanya) |9 54775 | |
| 901 | |a Arxiu | ||
| 942 | |n 1 | ||
| 952 | |0 0 |1 0 |4 0 |6 M5397 |7 1 |9 52917 |a Arxiu |b Arxiu |d 2016-12-01 |l 0 |o M-5-397 |p 18784 |r 2016-12-01 00:00:00 |w 2016-12-01 |y ARXIU | ||
| 999 | |c 56766 |d 56766 | ||